[Event "Aragon-chT Preferente Gr I"]
[Site "Aragon"]
[Date "2023.03.18"]
[Round "8.45"]
[White "Del Corral Abancens, Alfonso"]
[Black "Pedrol Aguila, Mario"]
[Result "0-1"]
[WhiteElo "1853"]
[BlackElo "1681"]
[PlyCount "118"]
[EventDate "2023.01.28"]
[EventType "team-tourn"]
[EventRounds "9"]
[EventCountry "ESP"]
[SourceTitle "EXT 2024"]
[Source "ChessBase"]
[SourceDate "2023.10.10"]
[SourceVersion "1"]
[SourceVersionDate "2023.10.10"]
[SourceQuality "1"]
[WhiteTeam "Shatranj"]
[BlackTeam "Agrupacion II"]
[WhiteTeamCountry "ESP"]
[BlackTeamCountry "ESP"]

1. e4 e6 2. Qe2 c5 3. c3 Nc6 4. Nf3 Qc7 5. g3 Be7 6. Bg2 Nf6 7. 0-0 0-0 8. d3 d5 9. Re1 Re8 10. e5 Nd7 11. d4 cxd4 12. cxd4 f6 13. exf6 Bxf6 14. Nc3 Nb6 15. Nb5 Qe7 16. Bf4 e5 17. dxe5 g5 18. Nd6 Qxd6 19. exd6 Rxe2 20. Rxe2 gxf4 21. Re8+ Kf7 22. Rae1 fxg3 23. hxg3 Bd7 24. Rxa8 Nxa8 25. Nd2 Be6 26. Nb3 Nb6 27. Nc5 Bg4 28. Nxb7 Bxb2 29. Rb1 Be5 30. Rxb6 axb6 31. Bxd5+ Ke8 32. Bxc6+ Bd7 33. Be4 Bf6 34. Bxh7 Bc6 35. Bg6+ Kf8 36. Bf5 Bxb7 37. Be6 Be5 38. d7 Ke7 39. Bf5 Bd5 40. a3 Bd6 41. a4 Bb3 42. g4 Bxa4 43. g5 Bxd7 44. Bc2 Bf4 45. g6 Kf6 46. Kf1 Bb5+ 47. Kg2 Bh6 48. Kf3 Be8 49. Kg4 Bxg6 50. Bb3 Ke5 51. Bg8 b5 52. Bb3 b4 53. f3 Bf4 54. Ba4 Bf5+ 55. Kh5 Kd4 56. Bb3 Kc3 57. Bd5 Bd3 58. Kg4 Bd6 59. f4 Bc4 0-1

[Event "Aragon-chT Preferente Gr-II"]
[Site "Aragon"]
[Date "2019.02.23"]
[Round "5.4"]
[White "Edeso Perez, Francisco"]
[Black "Pedrol Aguila, Mario"]
[Result "1-0"]
[WhiteElo "1831"]
[BlackElo "1568"]
[PlyCount "35"]
[EventDate "2019.01.26"]
[EventType "team-tourn"]
[EventRounds "9"]
[EventCountry "ESP"]
[SourceTitle "EXT 2020"]
[Source "ChessBase"]
[SourceDate "2019.10.17"]
[SourceVersion "1"]
[SourceVersionDate "2019.10.17"]
[SourceQuality "1"]
[WhiteTeam "Las Fuentes"]
[BlackTeam "Agrupacion III"]
[WhiteTeamCountry "ESP"]
[BlackTeamCountry "ESP"]

1. d4 c5 2. e3 cxd4 3. exd4 d5 4. c4 Nf6 5. Nc3 Nc6 6. Nf3 Bf5 7. a3 Rc8 8. cxd5 Nxd5 9. Be2 g6 10. Qb3 Nb6 11. d5 Nb8 12. Bd2 Bg7 13. 0-0 0-0 14. Rac1 Bxc3 15. Bxc3 Qxd5 16. Qb4 Nc6 17. Qh4 Qe4 18. Qh6 1-0